Science Quiz

Random Science or Biography Quiz

Mini Profiles: 20 Scientists Quiz Stats

 Plays Quiz Updated Apr 23, 2018

Challenge
Share
Tweet
Embed
Score 0/80 Timer 15:00
0 Plays Today
% Correct
Germany
95.8%
UK
95.5%
Italy
94.8%
Italy
94.8%
USA
94.4%
USA
94.4%
France
92.9%
France
92.9%
UK
89.7%
Russia
89.5%
Russia
89.5%
UK
89%
UK
89%
UK
89%
Poland
83.5%
Poland
83%
Sweden
81.2%
Evolution
79.5%
Jupiter
76.7%
Apple
75.8%
Louvre
75.8%
Sun
75.5%
Physics
75.2%
DNA
72.4%
Astronomy
71.7%
Denmark
70.4%
Dog
70.2%
Pea plant
68.3%
Pasteur- isation
67.5%
Time
67.3%
Telescope
66.7%
World War I
65.7%
Manhattan Project
64.5%
Radium
63.1%
Dynamite
62.9%
Inquisition
62.5%
Penicillin
61.8%
Francis Crick
59.9%
Speed of light
59.8%
Cambridge
59.6%
% Correct
Md
58%
Genetics
57.9%
HMS Beagle
57.3%
Guillotine
57.2%
Black Hole
56.4%
Motion
56.2%
Atomic
56.1%
Pierre
50.5%
Phonograph
47.5%
Periodic Table
47.4%
Eleven
44.5%
Metric
43.2%
Israel
41.3%
Menlo Park
40.8%
Bacteria
39.3%
1921
38.9%
Tesla coil
38.3%
New York
38%
Calculus
37.5%
Austrian Empire
37%
Croatia
36.8%
Physiology
36%
Alternating
34.9%
Vinci
31.6%
Vitruvian Man
31.6%
Kraków
29%
Faraday cage
28.6%
Oxygen
26.3%
Microbiology
25.1%
Rosalind Franklin
19.5%
Economics
18.8%
Capac- itance
17.9%
Rabies / Anthrax
17.7%
Magnetic Field
13.5%
Benzene
6.9%
Augustinian
5.6%
Aage Bohr
4.8%
Geologist
4.6%
Scandium
4.1%
Ludvig Nobel
2.1%

You're not logged in!

Compare scores with friends on all Sporcle quizzes.
Join for Free
OR
Log In

You Might Also Like...

Show Comments

Extras

Top Quizzes Today


Score Distribution

Your Account Isn't Verified!

In order to create a playlist on Sporcle, you need to verify the email address you used during registration. Go to your Sporcle Settings to finish the process.

Report this User

Report this user for behavior that violates our Community Guidelines.

Details: